• 首页
  • 本馆介绍
  • 公告通知
  • 最新文献
  • 馆藏检索
  • 电子资源
  • 读者导购
  • 参考咨询
  • 我的图书馆
  • 登录
  • 详细信息显示
  • 放入我的书架
  • 预约/预借图书
  • 作者相关作品
  • 分类相关作品
  • 丛书相关作品
  • 出版社相关作品

书目信息

  • 表格格式
  • 工作单格式
  • 卡片格式
题名:
《数字信号处理》习题解答
    
 
作者: 顾福年 , 胡光锐 著
分册:  
出版信息: 北京   科学出版社  1983
页数: 347页
开本: 25cm
丛书名:
单 册:
中图分类: TN911.72-44 , TP14-44
科图分类:
主题词: 数字信号-信号处理--解题 , 信号处理-数字信号--解题 , 自动信息理论
电子资源:
ISBN:
000 00806nam0 2200289 45
001 0183005013
005 20040519170340.5
010    @dCNY3.40
091    @a15031.515
100    @a19950706d1983 em y0chiy0121 ea
101 0  @achi
102    @aCN@b110000
105    @ay q 000yy
106    @ar
200 12 @a《数字信号处理》习题解答@A《 shu zi xin hao chu li》 xi ti jie da@f顾福年,胡光锐著
210    @a北京@c科学出版社@d1983
215    @a347页@d25cm
606    @a数字信号-信号处理@x解题
606    @a信号处理-数字信号@x解题
606 0  @a自动信息理论
690    @aTN911.72-44@v3 
690    @aTP14-44
701  0 @a顾福年@Agu fu nian@4著
701  0 @a胡光锐@Ahu guang rui@4著
801  0 @aCN@b上海图书馆@c20040519
801  2 @aCN@bNLC@c20040519
905    @f2@b95184-185@dTP14-44@e16
    
    《数字信号处理》习题解答/顾福年,胡光锐著.-北京:科学出版社,1983
    347页;25cm
    
    
    ISBN :CNY3.40
    
●
相关链接 在E读中查询图书 在五车中查询图书 在当当中查询图书 在豆瓣中查询图书


正题名:《数字信号处理》习题解答     索取号:TP14-44/16         预约/预借

序号 登录号 条形码 馆藏地/架位号 状态 备注
1 0095184   000701921   第三借阅区/ [索取号:TP14-44/16] 在馆    
2 0095185   000701887   第三借阅区/ [索取号:TP14-44/16] 在馆    
3 0095186   000701734   第二样本阅览室/ [索取号:TP14-44/16] 在馆    
唐山师范学院图书馆 欢迎您!
大连网信软件有限公司© 版权所有